000 00487nam a2200181 a 4500
005 20140412111251.0
008 001120s19uu xx 00 eng d
020 _a0-590-02045-5
050 _aTR(PS E
_bCu-Ri
100 _aRey, H. A.
245 _aCurious George rides a bike /
_cby H. A. Rey.
260 _aNew York :
_bScholastic Inc,
_c1952.
300 _a45 p. ; ill.
440 _aCurious George
650 _aBicycle--Fiction
650 _aMonkeys--Fiction
999 _c103170
_d103170